[Event "NED Open-ch16"]
[Site "Dieren"]
[Date "1985.08.05"]
[Round "7"]
[White "Van der Mije Nicolau, Alexandra"]
[Black "Bjerring, Kai"]
[Result "0-1"]
[WhiteElo "2125"]
[BlackElo "2315"]
[PlyCount "46"]
[EventDate "1985.07.29"]
[EventType "swiss"]
[EventRounds "9"]
[EventCountry "NED"]
[SourceTitle "EXT 2002"]
[Source "ChessBase"]
[SourceDate "2001.11.25"]
[SourceVersion "1"]
[SourceVersionDate "2001.11.25"]
[SourceQuality "1"]

1. e4 c5 2. Nf3 d6 3. d4 cxd4 4. Nxd4 Nf6 5. Nc3 g6 6. f4 Bg7 7. Bb5+ Bd7 8. e5 Nh5 9. g4 Nxf4 10. Bxf4 dxe5 11. Qf3 exd4 12. Qxb7 e5 13. Nd5 0-0 14. Bg3 Qa5+ 15. c3 Qxb5 16. Qxb5 Bxb5 17. Nc7 Nc6 18. Nxb5 Rab8 19. a4 a6 20. Nc7 Rxb2 21. cxd4 Nxd4 22. 0-0 Ne2+ 23. Kh1 Rc8 0-1

[Event "Olympiad Women-26"]
[Site "Thessaloniki"]
[Date "1984.11.23"]
[Round "5"]
[White "Ribeiro, Regina"]
[Black "Van der Mije Nicolau, Alexandra"]
[Result "0-1"]
[WhiteElo "1905"]
[BlackElo "2115"]
[PlyCount "82"]
[EventDate "1984.11.19"]
[EventType "team-swiss"]
[EventRounds "14"]
[EventCountry "GRE"]
[SourceTitle "EXT 2019"]
[Source "ChessBase"]
[SourceDate "2018.10.10"]
[SourceVersion "1"]
[SourceVersionDate "2018.10.10"]
[SourceQuality "1"]
[WhiteTeam "Brazil (W)"]
[BlackTeam "Netherlands (W)"]
[WhiteTeamCountry "BRA"]
[BlackTeamCountry "NED"]

1. g3 d5 2. Bg2 e6 3. c4 Nf6 4. Nf3 Be7 5. 0-0 0-0 6. d4 b6 7. cxd5 exd5 8. Nc3 Bb7 9. Bf4 Na6 10. Rc1 c5 11. Ne5 Ne4 12. dxc5 Naxc5 13. Nb5 Ne6 14. Be3 Bf6 15. f4 a6 16. Bxe4 axb5 17. Bg2 Bxe5 18. fxe5 Rxa2 19. Qb3 Ra5 20. Rfd1 b4 21. Qxb4 Qd7 22. Qg4 Ra4 23. Qf5 Qb5 24. Rc2 Rb4 25. Rdd2 Rb3 26. Bg5 Ba8 27. Be7 Re8 28. Bd6 d4 29. Bxa8 Rxa8 30. Ba3 Re3 31. Rd3 Rxe5 32. Qf3 Qd5 33. Qxd5 Rxd5 34. e3 Rdd8 35. exd4 Nxd4 36. Rxd4 Rxd4 37. Rc6 b5 38. Rb6 Rd5 39. Bb4 h5 40. Rb7 Re8 41. Bc3 Re2 0-1

[Event "Olympiad Women-26"]
[Site "Thessaloniki"]
[Date "1984.11.22"]
[Round "4"]
[White "Van der Mije Nicolau, Alexandra"]
[Black "Tagnon, Nicole"]
[Result "1-0"]
[WhiteElo "2115"]
[BlackElo "2030"]
[PlyCount "71"]
[EventDate "1984.11.19"]
[EventType "team-swiss"]
[EventRounds "14"]
[EventCountry "GRE"]
[SourceTitle "EXT 2019"]
[Source "ChessBase"]
[SourceDate "2018.10.10"]
[SourceVersion "1"]
[SourceVersionDate "2018.10.10"]
[SourceQuality "1"]
[WhiteTeam "Netherlands (W)"]
[BlackTeam "France (W)"]
[WhiteTeamCountry "NED"]
[BlackTeamCountry "FRA"]

1. e4 c5 2. Nf3 e6 3. d4 cxd4 4. Nxd4 a6 5. Bd3 Nf6 6. 0-0 Qc7 7. c4 b6 8. Qe2 d6 9. Nc3 Bb7 10. Kh1 Nbd7 11. f4 Be7 12. Bd2 0-0 13. Rac1 Rfe8 14. Nf3 Rad8 15. b4 Qb8 16. a3 Bf8 17. Bc2 Qa8 18. Be1 g6 19. Bh4 Bh6 20. Ng5 Bg7 21. Ba4 Rf8 22. Nf3 b5 23. cxb5 axb5 24. Bxb5 Qxa3 25. e5 dxe5 26. Bxd7 Rxd7 27. fxe5 Nd5 28. Nxd5 Bxd5 29. b5 Rb8 30. Bf6 Bxf3 31. Qxf3 Qxf3 32. Rxf3 Rxb5 33. Rc8+ Bf8 34. h3 Rbd5 35. Rb3 h5 36. Rbb8 1-0

[Event "Olympiad Women-26"]
[Site "Thessaloniki"]
[Date "1984.11.20"]
[Round "2"]
[White "Veroci, Zsuzsa"]
[Black "Van der Mije Nicolau, Alexandra"]
[Result "1-0"]
[WhiteElo "2295"]
[BlackElo "2115"]
[PlyCount "133"]
[EventDate "1984.11.19"]
[EventType "team-swiss"]
[EventRounds "14"]
[EventCountry "GRE"]
[SourceTitle "EXT 2019"]
[Source "ChessBase"]
[SourceDate "2018.10.10"]
[SourceVersion "1"]
[SourceVersionDate "2018.10.10"]
[SourceQuality "1"]
[WhiteTeam "Hungary (W)"]
[BlackTeam "Netherlands (W)"]
[WhiteTeamCountry "HUN"]
[BlackTeamCountry "NED"]

1. e4 e5 2. Nf3 Nc6 3. Bb5 a6 4. Ba4 Nf6 5. 0-0 Be7 6. Re1 b5 7. Bb3 d6 8. a4 Bg4 9. c3 0-0 10. h3 Bh5 11. d3 Na5 12. Bc2 c5 13. Nbd2 Nc6 14. Nf1 Qd7 15. Ng3 Bg6 16. Nh4 d5 17. Qe2 d4 18. Nhf5 dxc3 19. bxc3 b4 20. Bb2 bxc3 21. Bxc3 Nd4 22. Bxd4 cxd4 23. Nxe7+ Qxe7 24. Bb3 a5 25. Bc4 Nd7 26. Reb1 Nc5 27. Rb5 Rfd8 28. Qd2 h5 29. Rxa5 h4 30. Nf1 Bh5 31. Rxa8 Rxa8 32. a5 Qf6 33. Nh2 Ne6 34. Bxe6 Qxe6 35. Qa2 Qa6 36. Qd5 Be2 37. Ng4 Bxg4 38. hxg4 Rc8 39. Rd1 Qf6 40. Qa2 Qa6 41. Qd5 Qf6 42. Qa2 Qa6 43. g5 Qg6 44. Qd2 Rc3 45. Rb1 Qa6 46. Rb8+ Rc8 47. Rb6 Qa7 48. g6 fxg6 49. Qg5 Qxa5 50. Rxg6 Qc7 51. Qxh4 Qf7 52. Rg5 Rc1+ 53. Kh2 Qf6 54. Qg4 Rc3 55. Qf5 Qxf5 56. Rxf5 Rxd3 57. Rxe5 Kf7 58. Rd5 Kf6 59. f3 Rd1 60. Kg3 Rd2 61. Kh3 Rd1 62. Kg4 Rd2 63. g3 Rd3 64. f4 g6 65. Rd6+ Kf7 66. e5 Kg7 67. Kh4 1-0

[Event "Helsinge Finlux Cup (Women)"]
[Site "Helsinge"]
[Date "1984.10.19"]
[Round "8"]
[White "Needham, Teresa"]
[Black "Van der Mije Nicolau, Alexandra"]
[Result "1/2-1/2"]
[WhiteElo "2075"]
[BlackElo "2115"]
[PlyCount "79"]
[EventDate "1984.10.12"]
[EventType "tourn"]
[EventRounds "9"]
[EventCountry "DEN"]
[SourceTitle "EXT 2021"]
[Source "ChessBase"]
[SourceDate "2020.10.23"]
[SourceVersion "1"]
[SourceVersionDate "2020.10.23"]
[SourceQuality "1"]

1. e4 e5 2. Nf3 Nc6 3. Bb5 a6 4. Bxc6 dxc6 5. 0-0 f6 6. d4 exd4 7. Nxd4 c5 8. Nb3 Qxd1 9. Rxd1 Bg4 10. f3 Be6 11. Be3 b6 12. Nc3 Bd6 13. Nd5 0-0-0 14. Nc1 c6 15. Nxb6+ Kc7 16. e5 fxe5 17. Na4 e4 18. Nb3 exf3 19. gxf3 Nf6 20. Nbxc5 Bxc5 21. Nxc5 Rxd1+ 22. Rxd1 Bc8 23. Rd4 Re8 24. Bf4+ Kb6 25. Na4+ Ka7 26. Kf2 Nd5 27. c4 Nxf4 28. Rxf4 Re7 29. Nc3 g6 30. Re4 Rb7 31. b3 Bf5 32. Re5 Rd7 33. Re2 h5 34. Ne4 Kb6 35. Rd2 Re7 36. Ng3 Bb1 37. h4 Kc5 38. Rb2 Bd3 39. a3 Kd4 40. Ne4 1/2-1/2

[Event "Helsinge Finlux Cup (Women)"]
[Site "Helsinge"]
[Date "1984.10.13"]
[Round "2"]
[White "Larsen, Ingrid"]
[Black "Van der Mije Nicolau, Alexandra"]
[Result "0-1"]
[WhiteElo "1895"]
[BlackElo "2115"]
[PlyCount "68"]
[EventDate "1984.10.12"]
[EventType "tourn"]
[EventRounds "9"]
[EventCountry "DEN"]
[SourceTitle "EXT 2021"]
[Source "ChessBase"]
[SourceDate "2020.10.23"]
[SourceVersion "1"]
[SourceVersionDate "2020.10.23"]
[SourceQuality "1"]

1. c4 e5 2. Nc3 Nf6 3. e4 Bc5 4. Be2 Nc6 5. Nf3 d6 6. 0-0 a5 7. d3 h6 8. a3 Bd7 9. Bd2 0-0 10. Na2 a4 11. Bb4 Re8 12. b3 Nd4 13. Nxd4 Bxd4 14. Bc3 axb3 15. Qxb3 Bc5 16. Nb4 Ra7 17. a4 Nh7 18. a5 Ng5 19. Nd5 Ne6 20. Bd2 Nd4 21. Qd1 c6 22. Ne3 b6 23. Bg4 Bxg4 24. Nxg4 bxa5 25. Nxh6+ gxh6 26. Qh5 Qf6 27. Bxh6 Qg6 28. g4 Qxh5 29. gxh5 Kh7 30. Be3 Rg8+ 31. Kh1 Nf3 32. h3 f5 33. exf5 Rag7 34. f6 Rg2 0-1

[Event "Dortmund (Women) 10th"]
[Site "Dortmund"]
[Date "1982.04.??"]
[Round "?"]
[White "Hund, Barbara"]
[Black "Van der Mije Nicolau, Alexandra"]
[Result "0-1"]
[WhiteElo "2205"]
[BlackElo "2205"]
[PlyCount "132"]
[EventDate "1982.04.06"]
[EventType "tourn"]
[EventRounds "9"]
[EventCountry "GER"]
[SourceTitle "EXT 2006"]
[Source "ChessBase"]
[SourceDate "2005.11.24"]
[SourceVersion "1"]
[SourceVersionDate "2005.11.24"]
[SourceQuality "1"]

1. e4 e5 2. Bc4 Nf6 3. Nc3 Bc5 4. d3 c6 5. Qe2 b5 6. Bb3 0-0 7. Bg5 d6 8. Nf3 a5 9. a4 b4 10. Nd1 Be6 11. Bxe6 fxe6 12. 0-0 Qe8 13. c3 Qg6 14. d4 Bb6 15. dxe5 dxe5 16. Bxf6 Qxf6 17. cxb4 axb4 18. Qc4 Na6 19. Qxc6 Bd4 20. Qb5 Rfb8 21. Qe2 Nc5 22. Ne3 Nxa4 23. Nc4 Nc5 24. Rxa8 Rxa8 25. Rd1 Qf4 26. g3 Qxe4 27. Qxe4 Nxe4 28. Nxd4 exd4 29. Rxd4 Nf6 30. Nb6 Rb8 31. Rxb4 Nd7 32. Nxd7 Rxb4 33. Nc5 Kf7 34. Nd3 Rb3 35. Ne5+ Kf6 36. Ng4+ Kf5 37. Ne3+ Ke4 38. Nc4 Kd3 39. Ne5+ Ke2 40. Kg2 Rxb2 41. Nf3 Rb6 42. h4 h5 43. Ne5 Rb5 44. Nf3 e5 45. Ng1+ Kd3 46. Kf3 Rb3 47. Nh3 Kd4+ 48. Kg2 Rb6 49. Ng1 Ke4 50. Nh3 Rb2 51. Ng5+ Kf5 52. Kf3 Rb3+ 53. Ke2 e4 54. Nf7 Kg4 55. Ne5+ Kh3 56. Nc4 Kg2 57. Ne3+ Kg1 58. Nf5 g6 59. Ne7 Rb2+ 60. Ke3 Rb6 61. Nd5 Rb3+ 62. Ke2 Rb2+ 63. Ke3 Rxf2 64. Kxe4 Kg2 65. Nf4+ Kxg3 66. Nxg6 Rf6 0-1

[Event "Dortmund (Women) 10th"]
[Site "Dortmund"]
[Date "1982.04.??"]
[Round "?"]
[White "Van der Mije Nicolau, Alexandra"]
[Black "Caldwell, Susan Linda"]
[Result "1/2-1/2"]
[WhiteElo "2205"]
[BlackElo "2065"]
[PlyCount "30"]
[EventDate "1982.04.06"]
[EventType "tourn"]
[EventRounds "9"]
[EventCountry "GER"]
[SourceTitle "EXT 2006"]
[Source "ChessBase"]
[SourceDate "2005.11.24"]
[SourceVersion "1"]
[SourceVersionDate "2005.11.24"]
[SourceQuality "1"]

1. e4 c5 2. Nf3 g6 3. d4 Bg7 4. dxc5 Qa5+ 5. c3 Qxc5 6. Bd3 d6 7. Be3 Qc7 8. 0-0 Nc6 9. h3 Nf6 10. Na3 0-0 11. c4 a6 12. Qd2 Nd7 13. Rac1 Nc5 14. Bb1 Qb6 15. b3 Qb4 1/2-1/2

[Event "Match/Nation Women NED-GER"]
[Site "Groningen"]
[Date "1980.12.20"]
[Round "1.1"]
[White "Fischdick, Gisela"]
[Black "Van der Mije Nicolau, Alexandra"]
[Result "1-0"]
[WhiteElo "2235"]
[BlackElo "2285"]
[PlyCount "77"]
[EventDate "1980.12.20"]
[EventType "team"]
[EventRounds "2"]
[EventCountry "NED"]
[SourceTitle "EXT 2011"]
[Source "ChessBase"]
[SourceDate "2010.11.26"]
[SourceVersion "1"]
[SourceVersionDate "2010.11.26"]
[SourceQuality "1"]
[WhiteTeam "German Fed Rep"]
[BlackTeam "Netherlands"]
[WhiteTeamCountry "GER"]
[BlackTeamCountry "NED"]

1. e4 e5 2. Nf3 Nc6 3. Bb5 a6 4. Ba4 Nf6 5. 0-0 Be7 6. Bxc6 dxc6 7. d3 Nd7 8. Nbd2 c5 9. Nc4 Bf6 10. Bd2 0-0 11. Bc3 Qe8 12. a4 Qe6 13. h3 Rb8 14. Ne3 b5 15. axb5 axb5 16. b3 Bb7 17. Qe2 b4 18. Bb2 Ra8 19. Nc4 Ba6 20. Ne3 Bb7 21. Ng4 Rxa1 22. Rxa1 Ra8 23. Qd1 Re8 24. Ra7 Qb6 25. Qa1 h5 26. Ne3 Bc8 27. Nd5 Qd6 28. Nxc7 Rf8 29. Nd5 Kh7 30. Ne3 Re8 31. Nc4 Qe6 32. Qe1 Kg8 33. Qa1 g5 34. Ne3 Bd8 35. Nf5 g4 36. hxg4 hxg4 37. Nh2 Bb6 38. Ra8 Nf6 39. Qc1 1-0

[Event "Lloyds Bank op 04th"]
[Site "London"]
[Date "1980.08.21"]
[Round "2"]
[White "Bellin, Robert"]
[Black "Van der Mije Nicolau, Alexandra"]
[Result "1/2-1/2"]
[WhiteElo "2440"]
[BlackElo "2285"]
[PlyCount "81"]
[EventDate "1980.08.20"]
[EventType "swiss"]
[EventRounds "9"]
[EventCountry "ENG"]
[SourceTitle "EXT 2001"]
[Source "ChessBase"]
[SourceDate "2000.11.22"]
[SourceVersion "1"]
[SourceVersionDate "2000.11.22"]
[SourceQuality "1"]

1. e4 e5 2. Nf3 Nc6 3. Bb5 a6 4. Ba4 Nf6 5. 0-0 Be7 6. Re1 b5 7. Bb3 d6 8. c3 0-0 9. h3 Na5 10. Bc2 c5 11. d4 Qc7 12. d5 Nc4 13. a4 bxa4 14. Rxa4 Nb6 15. Ra2 Bd7 16. Na3 h6 17. Be3 Nh7 18. Qd2 f5 19. exf5 Bxf5 20. Bxf5 Rxf5 21. Qd3 Raf8 22. Nc4 Nxc4 23. Qxc4 Qb7 24. Nd2 R5f7 25. Ne4 Kh8 26. Rb1 Nf6 27. Nxf6 Rxf6 28. Rxa6 Rf5 29. Rc6 Qd7 30. b4 cxb4 31. Rc7 Qe8 32. cxb4 Bg5 33. Bxg5 Rxg5 34. Qe4 Rgf5 35. Qg4 Rg5 36. Qe6 Qh5 37. Rf1 Qf3 38. g4 Qxh3 39. f3 Qg3+ 40. Kh1 h5 41. Rc8 1/2-1/2

[Event "Olympiad Women-08 Preliminaries 1"]
[Site "Buenos Aires"]
[Date "1978.??.??"]
[Round "7"]
[White "Landry Vuorenpaa, Sirkka"]
[Black "Van der Mije Nicolau, Alexandra"]
[Result "0-1"]
[WhiteElo "1960"]
[BlackElo "2270"]
[PlyCount "133"]
[EventDate "1978.10.25"]
[EventType "team-tourn"]
[EventRounds "7"]
[EventCountry "ARG"]
[SourceTitle "EXT 2019"]
[Source "ChessBase"]
[SourceDate "2018.10.10"]
[SourceVersion "1"]
[SourceVersionDate "2018.10.10"]
[SourceQuality "1"]
[WhiteTeam "Finland (W)"]
[BlackTeam "Netherlands (W)"]
[WhiteTeamCountry "FIN"]
[BlackTeamCountry "NED"]

1. c4 e5 2. Nc3 d6 3. g3 f5 4. Bg2 Nf6 5. d3 Be7 6. e3 0-0 7. Nge2 c6 8. Rb1 Be6 9. b3 Qe8 10. 0-0 Na6 11. f4 Rd8 12. h3 Qg6 13. a3 Nh5 14. Kh2 exf4 15. exf4 Rfe8 16. d4 Bf6 17. Qd3 Bc8 18. Be3 Nc7 19. d5 Bxc3 20. Qxc3 cxd5 21. Bxd5+ Nxd5 22. cxd5 Nf6 23. Qd3 Qh5 24. Kg2 Rxe3 25. Qxe3 Re8 26. Qf3 Rxe2+ 27. Rf2 Rxf2+ 28. Qxf2 Qf7 29. Rd1 b6 30. Qc2 Bb7 31. Qxf5 Nxd5 32. Qxf7+ Kxf7 33. Kf2 Ke6 34. Rd4 Ne7 35. g4 Bd5 36. b4 b5 37. Rd2 Bc4 38. Rd1 Nc6 39. Re1+ Kd7 40. h4 d5 41. h5 d4 42. g5 Be6 43. Rc1 g6 44. hxg6 hxg6 45. Rc5 a6 46. Ke2 Kd6 47. Kd2 Bf5 48. Rc1 Ne7 49. Re1 Nc6 50. Rc1 Nd8 51. Rh1 Ne6 52. Rh8 Kd5 53. Ra8 Nxf4 54. Rxa6 Ne6 55. Rb6 Kc4 56. Rc6+ Kb3 57. Rb6 Nxg5 58. Rxb5 Ne4+ 59. Kc1 d3 60. Rd5 d2+ 61. Rxd2 Nxd2 62. Kxd2 Kxa3 63. b5 Kb4 64. b6 Bc8 65. Ke3 Kc5 66. b7 Bxb7 67. Kf4 0-1

[Event "Olympiad Women-08 Final B"]
[Site "Buenos Aires"]
[Date "1978.??.??"]
[Round "7"]
[White "Savereide, Diane"]
[Black "Van der Mije Nicolau, Alexandra"]
[Result "0-1"]
[WhiteElo "2160"]
[BlackElo "2270"]
[PlyCount "60"]
[EventDate "1978.10.25"]
[EventType "team-tourn"]
[EventRounds "7"]
[EventCountry "ARG"]
[SourceTitle "EXT 2019"]
[Source "ChessBase"]
[SourceDate "2018.10.10"]
[SourceVersion "1"]
[SourceVersionDate "2018.10.10"]
[SourceQuality "1"]
[WhiteTeam "United States (W)"]
[BlackTeam "Netherlands (W)"]
[WhiteTeamCountry "USA"]
[BlackTeamCountry "NED"]

1. e4 e5 2. Nf3 Nc6 3. Bb5 a6 4. Bxc6 dxc6 5. 0-0 f6 6. d4 exd4 7. Nxd4 c5 8. Nb3 Qxd1 9. Rxd1 Bg4 10. f3 Be6 11. Be3 b6 12. Nc3 Bd6 13. a4 0-0-0 14. a5 Kb7 15. Rd2 Ne7 16. Rad1 Kc6 17. Bf4 Nc8 18. Na4 Be7 19. Rxd8 Rxd8 20. Rxd8 Bxd8 21. Kf2 Be7 22. axb6 cxb6 23. Nd2 b5 24. Nc3 Nb6 25. h4 a5 26. g4 b4 27. Ncb1 c4 28. c3 Na4 29. Be3 Nxb2 30. Bd4 b3 0-1

[Event "Olympiad Women-08 Final B"]
[Site "Buenos Aires"]
[Date "1978.??.??"]
[Round "2"]
[White "Van der Mije Nicolau, Alexandra"]
[Black "Borisova, Borislava"]
[Result "0-1"]
[WhiteElo "2270"]
[BlackElo "2120"]
[PlyCount "62"]
[EventDate "1978.10.25"]
[EventType "team-tourn"]
[EventRounds "7"]
[EventCountry "ARG"]
[SourceTitle "EXT 2019"]
[Source "ChessBase"]
[SourceDate "2018.10.10"]
[SourceVersion "1"]
[SourceVersionDate "2018.10.10"]
[SourceQuality "1"]
[WhiteTeam "Netherlands (W)"]
[BlackTeam "Sweden (W)"]
[WhiteTeamCountry "NED"]
[BlackTeamCountry "SWE"]

1. e4 e6 2. d4 d5 3. Nd2 Nf6 4. e5 Nfd7 5. Bd3 c5 6. c3 Nc6 7. Ne2 cxd4 8. cxd4 Qb6 9. Nf3 f6 10. exf6 Nxf6 11. 0-0 Bd6 12. Nc3 0-0 13. Be3 Bd7 14. a3 Qd8 15. Bg5 Qe8 16. Bh4 Qh5 17. h3 Nxd4 18. Bxh7+ Nxh7 19. Qxd4 Rf4 20. Qd3 Rxf3 21. Qxf3 Qxh4 22. Rad1 Rf8 23. Qe3 Ng5 24. Rd4 Bf4 25. Ne2 Bxe3 26. Rxh4 Bb6 27. Rf4 Re8 28. Rb4 Ne4 29. Kh2 Nd6 30. Rc1 Bxf2 31. Rc7 Rd8 0-1

[Event "Interzonal (Women)-A 03rd"]
[Site "Roosendaal"]
[Date "1976.11.28"]
[Round "2"]
[White "Vreeken, Corry"]
[Black "Van der Mije Nicolau, Alexandra"]
[Result "1-0"]
[WhiteElo "2155"]
[BlackElo "2295"]
[PlyCount "81"]
[EventDate "1976.11.27"]
[EventType "tourn"]
[EventRounds "13"]
[EventCountry "NED"]
[SourceTitle "EXT 2002"]
[Source "ChessBase"]
[SourceDate "2001.11.25"]
[SourceVersion "1"]
[SourceVersionDate "2001.11.25"]
[SourceQuality "1"]

1. e4 g6 2. d4 Bg7 3. Nc3 c6 4. Bc4 d6 5. Nf3 Nf6 6. e5 dxe5 7. Nxe5 0-0 8. 0-0 a5 9. a4 Na6 10. Re1 Nb4 11. Bg5 Bf5 12. Bb3 Nbd5 13. Nxd5 cxd5 14. f3 Ra6 15. Qd2 Be6 16. Bh6 Ne8 17. Bxg7 Nxg7 18. Nd3 Rd6 19. c3 Bc8 20. Re2 e6 21. Rae1 b6 22. Ne5 Ba6 23. Rf2 Ne8 24. Qh6 Qf6 25. Bc2 Qg7 26. Qf4 f5 27. h4 h6 28. g4 g5 29. hxg5 hxg5 30. Qh2 Rf6 31. Qh5 Rd8 32. Rh2 Nd6 33. gxf5 exf5 34. Nc6 Rd7 35. Nb8 Ra7 36. Nc6 Rc7 37. Ne5 Re7 38. Kf2 g4 39. Rg1 Ree6 40. Nxg4 Ne4+ 41. Bxe4 1-0

[Event "Olympiad Women-07 Final A"]
[Site "Haifa"]
[Date "1976.11.08"]
[Round "7"]
[White "Kushnir, Alla"]
[Black "Van der Mije Nicolau, Alexandra"]
[Result "1-0"]
[WhiteElo "2365"]
[BlackElo "2295"]
[PlyCount "79"]
[EventDate "1976.10.31"]
[EventType "team-tourn"]
[EventRounds "7"]
[EventCountry "ISR"]
[SourceTitle "EXT 2019"]
[Source "ChessBase"]
[SourceDate "2018.10.10"]
[SourceVersion "1"]
[SourceVersionDate "2018.10.10"]
[SourceQuality "1"]
[WhiteTeam "Israel (W)"]
[BlackTeam "Netherlands (W)"]
[WhiteTeamCountry "ISR"]
[BlackTeamCountry "NED"]

1. d4 Nf6 2. Nf3 d5 3. c4 c6 4. cxd5 Nxd5 5. e4 Nb6 6. h3 g6 7. Be3 Bg7 8. Nc3 0-0 9. Qd2 Be6 10. b3 a5 11. Ng5 Bc8 12. Be2 a4 13. 0-0 f6 14. Nf3 N8d7 15. b4 e6 16. b5 a3 17. Rab1 Rf7 18. Rfc1 Bf8 19. bxc6 bxc6 20. d5 exd5 21. exd5 cxd5 22. Nxd5 Nxd5 23. Qxd5 Ba6 24. Bd1 Ne5 25. Bb3 Qxd5 26. Bxd5 Nxf3+ 27. gxf3 Rd8 28. Bxf7+ Kxf7 29. Rc7+ Kg8 30. Bc5 Bh6 31. Bxa3 Bf4 32. Rc6 Be2 33. Rxf6 g5 34. Re1 Bxf3 35. Bc1 Kg7 36. Rfe6 Bd5 37. Bb2+ Kf7 38. Rf6+ Kg8 39. Rd1 Rd7 40. a4 1-0